| 000 | 00719nam a22002177a 4500 | ||
|---|---|---|---|
| 005 | 20110816122752.0 | ||
| 008 | 110816t xxu||||| |||| 00| 0 eng d | ||
| 010 | _aENG-103501 | ||
| 020 |
_c150.00 _a9788190885027 |
||
| 035 | _aEN-87034 | ||
| 037 | _bDBAD/PUB | ||
| 040 |
_aDPL _bEng |
||
| 082 | _a004 | ||
| 100 |
_932849 _aRanichandra,S |
||
| 245 |
_aFundamental of information technology / _cby S. Ranichandra |
||
| 260 |
_aSalem _bSSR Publication _c2009 |
||
| 270 |
_a219/84,Moongapadi St,Gugai, _bSalem _e700021 |
||
| 300 |
_a148p. _c22cm(pbk) |
||
| 942 |
_2ddc _cEN _mRAN _h004 |
||
| 999 |
_c55479 _d55479 |
||